Normal view MARC view
  • Prasad.K.D.

Entry Personal Name

Number of records used in: 1

001 - CONTROL NUMBER

  • control field: 5281

003 - CONTROL NUMBER IDENTIFIER

  • control field: OSt

005 - DATE AND TIME OF LATEST TRANSACTION

  • control field: 20180122083647.0

008 - FIXED-LENGTH DATA ELEMENTS

  • fixed length control field: 180122|| aca||aabn | a|a d

040 ## - CATALOGING SOURCE

  • Original cataloging agency: OSt
  • Transcribing agency: OSt

100 ## - HEADING--PERSONAL NAME

  • Personal name: Prasad.K.D.

670 ## - SOURCE DATA FOUND

  • Source citation: Work cat.: (OSt): Prasad.K.D., Antenna & Wave Propagation, 1996

Powered by Koha